| 000 | 00879nam a2200241Ia 4500 | ||
|---|---|---|---|
| 003 | IN-BaIIA | ||
| 008 | 211028s9999 xx 000 0 eng d | ||
| 020 | _a0379-6566 | ||
| 040 | _cIIA Library | ||
| 080 |
_a524.3-74 _bESA |
||
| 111 |
_aWorkshop Ultraviolet Stellar Classification _cSpain _d1981 Oct. 26-28 _913245 |
||
| 245 | 0 |
_aUltraviolet stellar classification _bproceedings of a workshop held in Vilspa, Spain, 26-28, October 1981 _cedited by A. Heck |
|
| 260 |
_aParis _bEuropean Space Agency _c1982 |
||
| 300 | _av, 135p. | ||
| 490 | _aESA SP; 182 | ||
| 650 | _aAstronomy and astrophysics thesaurus | ||
| 650 |
_aStellar classification _913246 |
||
| 650 |
_aStellar spectroscopy _95987 |
||
| 650 |
_aUltraviolet astronomy _96323 |
||
| 700 |
_aHeck, A., ed. _913247 |
||
| 710 | _aEuropean Space Agency | ||
| 942 | _cBK | ||
| 999 |
_c7852 _d7852 |
||